[Event "Amical( 10J+24H/c 10J Max )"]
[Site "www.echecsemail.com"]
[Date "2026.02.09"]
[Round "1"]
[White "Woluwe1975"]
[Black "Patau"]
[WhiteElo "1670"]
[BlackElo "1680"]
[Result "0-1"]
1.e4 e5
2.Ng1f3 Ng8f6
3.d4 Nf6xe4
4.Bf1c4 d5
5.Bc4b3 exd4
6.Qd1xd4 Bc8e6
7.O-O Nb8c6
8.Bb3a4 Qd8d6
9.Nf3e5 O-O-O
10.Ne5xc6 bxc6
11.Qd4xa7 Kd7
12.Qa7e3 Qd6c5
13.Qe3xc5 Ne4xc5
14.Ba4b3 Nc5xb3
15.axb3 Bf8c5
16.Bc1f4 Be6f5
17.Nb1c3 Bf5xc2
18.Nc3a4 Bc5d6
19.Bf4e3 Bc2xb3
20.Na4c5 Bd6xc5
21.Be3xc5 Rd8a8
22.Rf1e1 Ra8xa1
23.Re1xa1 Rh8e8
24.Ra1c1 Bb3c2
25.Bc5e3 Bc2e4
26.b4 Re8b8
27.Be3c5 Rb8e8
28.Rc1e1 Be4d3
29.Re1xe8 Kxe8
30.Bc5d4 f6
31.f3 Kd8
32.Kf2 Kd7
33.g4 Kd6
34.h4 g6
35.Bd4xf6 c5
36.bxc5 Kxc5
37.Bf6e7 Kc4
38.g5 c5
39.f4 d4
40.Ke1 Kd5
41.Be7f6 Ke4
42.Kf2 Kxf4
{ abandon }0-1

[Event "Défi"]
[Site "www.echecsemail.com"]
[Date "2026.02.09"]
[Round "1"]
[White "Artistepeintre"]
[Black "Lamagouille"]
[WhiteElo "1570"]
[BlackElo "1500"]
[Result "0-1"]
1.e4 d5
2.e5 Nb8c6
3.d4 e6
4.Ng1f3 Bf8b4
5.c3 Bb4a5
6.Bc1g5 f6
7.exf6 gxf6
8.Bg5h4 Ng8h6
9.Bf1e2 Rh8g8
10.O-O Qd8d7
11.Bh4xf6 e5
12.dxe5 Qd7g4
13.Nf3g5 Qg4d7
14.Ng5xh7 Qd7xh7
15.Be2h5 Nh6f7
16.Rf1e1 Bc8e6
17.Re1e3 Kd7
18.Nb1d2 Ba5b6
19.Re3f3 Nf7xe5
20.Bf6xe5 Nc6xe5
21.Rf3e3 Bb6xe3
22.fxe3 Qh7g7
23.Qd1e2 Ra8f8
24.g3 Be6g4
25.Qe2b5 Kc8
26.Bh5xg4 Ne5xg4
27.Ra1e1 Rf8f2
28.Nd2b1 Rf2xh2
29.Qb5xd5 Rg8h8
30.Qd5f5 Kb8
31.Nb1a3 Rh2h1
32.Kg2 Rh8h2
33.Kf3 Rh2f2
34.Ke4 Qg7e7
35.Kd3 Rf2xf5
36.Re1xh1 Ng4f2
{ abandon }0-1

[Event "Tournoi n27370"]
[Site "www.echecsemail.com"]
[Date "2026.02.09"]
[Round "1"]
[White "Gonzok67"]
[Black "Jyfsk"]
[WhiteElo "1880"]
[BlackElo "1780"]
[Result "1-0"]
1.e4 c5
2.Ng1f3 d6
3.Bf1c4 Ng8f6
4.Nb1c3 e6
5.O-O Bf8e7
6.d4 cxd4
7.Nf3xd4 O-O
8.b3 Nb8c6
9.Bc1b2 Bc8d7
10.Rf1e1 Nc6xd4
11.Qd1xd4 Bd7c6
12.f3 a6
13.Nc3e2 d5
14.exd5 exd5
15.Bc4d3 b6
16.g4 Be7c5
17.Ne2f4 Bc5xd4
18.Bb2xd4 b5
19.Re1e2 Rf8e8
20.Ra1e1 Re8xe2
21.Re1xe2 Qd8d6
22.Bd4e5 Qd6c5
23.Kg2 Ra8e8
24.c3 Nf6xg4
25.fxg4 Re8xe5
26.Re2xe5 d4
27.Kf1 Qc5xe5
28.Nf4e2 Qe5xh2
29.Ke1 dxc3
30.Ne2xc3 Qh2e5
31.Kd2 Qe5f4
32.Kc2 Qf4xg4
33.Nc3d1 Qg4xd1
34.Kxd1 h5
35.Ke2 g6
36.Ke3 f5
37.Kf4 Kg7
38.Kg5 Bc6e4
39.Bd3e2 { abandon }1-0

[Event "Amical( 10J+24H/c 10J Max )"]
[Site "www.echecsemail.com"]
[Date "2026.02.09"]
[Round "1"]
[White "Woluwe1975"]
[Black "Patau"]
[WhiteElo "1640"]
[BlackElo "1670"]
[Result "1/2-1/2"]
1.d4 d5
2.c4 e6
3.Nb1c3 Ng8f6
4.a3 c5
5.e3 cxd4
6.exd4 Nb8c6
7.Ng1f3 Bf8d6
8.c5 Bd6c7
9.Nc3b5 O-O
10.Nb5xc7 Qd8xc7
11.Bf1d3 Nf6e4
12.O-O Bc8d7
13.g3 e5
14.Bd3xe4 dxe4
15.Nf3xe5 Nc6xe5
16.dxe5 Rf8e8
17.Qd1d4 Bd7c6
18.Bc1e3 Ra8d8
19.Qd4b4 h6
20.Ra1d1 Rd8d3
21.Rd1xd3 exd3
22.Be3d4 b6
23.f4 bxc5
24.Bd4xc5 Re8d8
25.Rf1d1 a6
26.Bc5b6 Qc7d7
27.Bb6xd8 Qd7xd8
28.Qb4d6 Qd8b6
29.Kf1 Qb6xb2
30.Qd6xc6 Qb2e2
31.Kg1 Qe2xd1
32.Kg2 Qd1e2
33.Kg1 d2
34.Qc6c8 Kh7
35.Qc8f5 Kh8
{ nul }1/2-1/2

[Event "Amical( 10J+24H/c 10J Max )"]
[Site "www.echecsemail.com"]
[Date "2026.02.09"]
[Round "1"]
[White "Woluwe1975"]
[Black "Patau"]
[WhiteElo "1660"]
[BlackElo "1650"]
[Result "0-1"]
1.f4 e5
2.fxe5 d6
3.Ng1f3 g5
4.h3 g4
5.h4 gxf3
6.exf3 dxe5
7.Nb1c3 Nb8c6
8.d3 Bc8e6
9.a3 Ng8f6
10.Bc1e3 Bf8d6
11.Nc3e4 O-O
12.g4 Qd8d7
13.Ne4xd6 Qd7xd6
14.g5 Nf6d5
15.Be3d2 Nd5f4
16.Bd2xf4 exf4
17.Bf1g2 Rf8e8
18.Kd2 Ra8d8
19.Kc1 Qd6d4
20.Kb1 Be6f5
21.Rh1e1 Qd4f2
22.Re1xe8 Rd8xe8
{ abandon }0-1

[Event "BERNARD MAS"]
[Site "www.echecsemail.com"]
[Date "2026.02.09"]
[Round "1"]
[White "Pgo"]
[Black "Woluwe1975"]
[WhiteElo "1750"]
[BlackElo "1660"]
[Result "1/2-1/2"]
1.e4 e5
2.Ng1f3 Nb8c6
3.Bf1b5 Nc6d4
4.Nf3xd4 exd4
5.d3 a6
6.Bb5c4 b5
7.Bc4b3 Bc8b7
8.a3 c5
9.O-O h6
10.Bc1f4 d6
11.Qd1h5 Qd8f6
12.Bf4g3 g6
13.Qh5g4 Bb7c8
14.Qg4f4 Qf6xf4
15.Bg3xf4 g5
16.Bf4g3 Bc8b7
17.h3 O-O-O
18.f4 c4
19.dxc4 Bb7xe4
20.cxb5 axb5
21.Bb3xf7 Ng8e7
22.fxg5 hxg5
23.Bf7e6 Kc7
24.Rf1f2 Ne7c6
25.Rf2f7 Bf8e7
26.Be6f5 Be4d5
27.Rf7h7 Rh8xh7
28.Bf5xh7 Kb6
29.Bh7d3 Rd8a8
30.Nb1d2 Nc6b4
31.Ra1e1 Nb4xd3
32.cxd3 Be7f8
33.h4 gxh4
34.Bg3xh4 Bf8h6
35.Nd2f3 Bh6e3
36.Bh4f2 Be3xf2
37.Kxf2 Ra8f8
38.b4 Rf8f7
39.Re1h1 Rf7f6
40.Rh1h5 Bd5c6
41.Ke2 Rf6e6
42.Kd2 Bc6xf3
43.gxf3 Re6f6
44.Rh5d5 Rf6xf3
45.Rd5xd6 Kb7
46.Rd6xd4 Kb6
47.Ke2 Rf3h3
48.Rd4d5 Rh3h2
49.Ke3 Rh2a2
50.Kd4 Ra2xa3
51.Ke5 Ra3b3
52.Rd5d4 Rb3b1
53.Kd6 Rb1c1
54.Kd7 Rc1c7
55.Kd8 Rc7c3
56.Rd4d6 Kb7
57.Ke7 Rc3b3
58.Rd6d4 Kb6
59.Kd6 Rb3c3
60.Kd5 Rc3c8
61.Rd4f4 Rc8d8
62.Ke4 Rd8e8
63.Kf3 Re8d8
64.d4 Rd8d5
65.Rf4f6 Kb7
66.Ke4 Rd5d8
67.d5 Rd8e8
68.Rf6e6 Re8d8
69.Kd4 Rd8c8
70.Re6c6 Rc8xc6
71.dxc6 Kxc6
72.Ke5 Kc7
73.Kd5 Kb6
74.Kd6 Kb7
75.Kc5 Kc7
76.Kxb5 Kb7
77.Kc5 Kc7
78.b5 Kb7
79.b6 Kb8
80.Kc6 Kc8
81.Kd6 Kb7
82.Kc5 Kb8
83.Kc6 Kc8
84.b7 Kb8
85.Kb6 1/2-1/2

[Event "Défi"]
[Site "www.echecsemail.com"]
[Date "2026.02.09"]
[Round "1"]
[White "Calcedoine"]
[Black "Superman"]
[WhiteElo "1820"]
[BlackElo "1800"]
[Result "1-0"]
1.c3 Ng8f6
2.d4 d5
3.Ng1f3 Bc8g4
4.Qd1d3 Nb8d7
5.h3 Bg4h5
6.Nf3h4 e6
7.Nb1d2 Nf6e4
8.g3 Nd7f6
9.Nd2f3 Bf8d6
10.Bc1f4 h6
11.Bf4xd6 Qd8xd6
12.e3 O-O
13.g4 Bh5g6
14.Nh4xg6 fxg6
15.Nf3e5 Kh7
16.Rh1g1 c5
17.f3 c4
18.Qd3c2 Ne4g5
19.Qc2xg6 Kg8
20.Qg6c2 b5
21.h4 Ng5f7
22.f4 Nf6e4
23.Ne5g6 Rf8e8
24.O-O-O a5
25.Bf1g2 b4
26.Bg2xe4 dxe4
27.h5 Qd6d5
28.Ng6e5 Nf7xe5
29.dxe5 Qd5b7
30.g5 Kh7
31.gxh6 Kxh6
32.Qc2g2 bxc3
33.Qg2g6 1-0

[Event "BERNARD MAS"]
[Site "www.echecsemail.com"]
[Date "2026.02.09"]
[Round "1"]
[White "Petitlulu64"]
[Black "Pgo"]
[WhiteElo "1710"]
[BlackElo "1750"]
[Result "1-0"]
1.d4 d5
2.Ng1f3 Ng8f6
3.Nb1c3 e6
4.e3 Bf8b4
5.Nf3e5 O-O
6.Bc1d2 h6
7.a3 Bb4a5
8.b4 Ba5b6
9.Nc3a4 c6
10.Na4c3 Nb8d7
11.Nc3a4 Nf6e4
12.Ne5xd7 Bc8xd7
13.f3 Ne4xd2
14.Qd1xd2 Bb6c7
15.Na4c5 Bc7b6
16.c3 Bb6xc5
17.bxc5 b5
18.Bf1e2 a5
19.O-O a4
20.Qd2d3 f5
21.f4 g5
22.fxg5 hxg5
23.Qd3d1 g4
24.Qd1e1 Qd8g5
25.g3 Rf8f7
26.Be2d3 Rf7h7
27.Rf1f4 Ra8f8
28.Ra1a2 Rh7h3
29.Ra2g2 Qg5g7
30.Bd3f1 Rh3h6
31.Qe1b1 Kf7
32.Bf1e2 Rf8h8
33.Be2xg4 Ke7
34.Bg4f3 Qg7h7
35.Rf4h4 Rh6xh4
36.gxh4 Qh7xh4
37.Qb1d1 Kf6
38.Qd1e2 Bd7e8
39.Qe2f2 Be8g6
40.Rg2g3 Bg6h5
41.Bf3xh5 Qh4xh5
42.Qf2d2 Rh8h7
43.Rg3g2 Qh5h4
44.Qd2e2 Qh4e4
45.Qe2d2 Qe4b1
46.Kf2 Qb1a1
47.e4 dxe4
48.Qd2g5 Kf7
49.Qg5g6 Kf8
50.Qg6g8 Ke7
51.Qg8xh7 Kf6
52.Qh7g7 1-0

[Event "Tournoi n27383"]
[Site "www.echecsemail.com"]
[Date "2026.02.09"]
[Round "1"]
[White "Pgo"]
[Black "Legrillon"]
[WhiteElo "1740"]
[BlackElo "1740"]
[Result "0-1"]
1.e4 e5
2.Ng1f3 d6
3.Bf1c4 h6
4.d3 Bc8g4
5.h3 Bg4h5
6.g4 Bh5g6
7.Nb1c3 c6
8.h4 b5
9.Bc4b3 a5
10.h5 Bg6h7
11.O-O a4
12.Bb3xf7 Kxf7
13.Kg2 Bf8e7
14.Rf1h1 b4
15.Nc3e2 Be7f6
16.Bc1e3 Ng8e7
17.b3 c5
18.c4 axb3
19.axb3 Nb8c6
20.Ra1xa8 Qd8xa8
21.g5 hxg5
22.Be3xg5 Ne7g8
23.h6 g6
24.Qd1d2 Ng8e7
25.Bg5xf6 Kxf6
26.Qd2g5 Kf7
27.Qg5d2 Rh8f8
28.Nf3g5 Kg8
29.Ng5e6 Rf8f6
30.Ne6c7 Qa8a3
31.Nc7e8 Rf6f8
32.Ne8xd6 Qa3xb3
33.Ne2c1 Qb3a4
34.Nd6b5 Qa4a8
35.Nb5c7 Qa8c8
36.Nc7b5 Qc8g4
37.Kf1 Qg4f3
38.Rh1h2 Qf3g3
39.Rh2g2 Qg3h3
40.Kg1 Rf8f4
41.Nb5c7 Qh3xh6
42.Nc7e6 Rf4h4
43.Qd2xh6 Rh4xh6
44.Nc1b3 Kf7
45.Ne6xc5 Rh6h3
46.Rg2h2 Rh3xh2
47.Kxh2 g5
48.Kg3 Kg6
49.Kg4 Bh7g8
50.f3 Bg8f7
51.Nc5b7 Nc6d4
52.Nb3d2 b3
53.Nb7c5 b2
54.Nd2b1 Bf7e8
55.Nc5b7 Ne7c6
56.Nb7d6 Be8d7
57.Kg3 Nd4e2
58.Kf2 Nc6d4
59.c5 Bd7a4
60.Nd6c4 Ba4c2
61.Nc4xe5 Kf6
62.Ne5g4 Ke6
63.Nb1a3 Bc2xd3
64.Ng4e3 Ne2c3
65.Ne3f5 Nd4xf5
66.exf5 Kxf5
67.Ke3 b1Q
68.Na3xb1 Bd3xb1
69.Kd4 Nc3a4
70.c6 Kf4
71.c7 Na4b6
72.Kc5 Nb6c8
73.Kc6 Bb1f5
74.Kb7 Kxf3
{ abandon }0-1

[Event "Eq:Avalon-La Diagonale du Fou :"]
[Site "www.echecsemail.com"]
[Date "2026.02.09"]
[Round "1"]
[White "Mimie"]
[Black "Panchoa"]
[WhiteElo "1660"]
[BlackElo "1610"]
[Result "1-0"]
1.e4 e5
2.Ng1f3 Nb8c6
3.Bf1b5 Ng8f6
4.Bb5xc6 dxc6
5.Nb1c3 Bf8b4
6.O-O O-O
7.a3 Bb4xc3
8.dxc3 Bc8g4
9.Qd1xd8 Ra8xd8
10.Nf3xe5 Rf8e8
11.Ne5xg4 Nf6xg4
12.Bc1f4 Rd8d7
13.h3 Ng4f6
14.e5 Nf6d5
15.Bf4h2 Re8e6
16.Ra1d1 f6
17.exf6 Re6xf6
18.Rf1e1 Nd5b6
19.Rd1xd7 Nb6xd7
20.Bh2xc7 Nd7c5
21.Re1e8 Kf7
22.Re8e5 Nc5d7
23.Re5e3 b6
24.b4 c5
25.b5 Rf6h6
26.Re3d3 Nd7f6
27.Bc7e5 Ke6
28.Be5b8 Nf6d5
29.Bb8xa7 Nd5f4
30.Rd3e3 Kf5
31.Re3e7 g5
32.Kf1 Rh6d6
33.g3 Rd6d1
34.Re7e1 Rd1d2
35.gxf4 Rd2xc2
36.Ba7xb6 Rc2xc3
37.Re1e5 Kxf4
38.Re5e3 Rc3c1
39.Re3e1 Rc1c3
40.a4 c4
41.a5 Rc3xh3
42.Kg2 g4
43.a6 g3
44.Bb6c7 Kg4
45.fxg3 Rh3h6
46.Re1e4 Kf5
47.Re4xc4 { abandon }1-0

[Event "Défi"]
[Site "www.echecsemail.com"]
[Date "2026.02.10"]
[Round "1"]
[White "Gaspard83"]
[Black "Kiki38"]
[WhiteElo "1620"]
[BlackElo "1480"]
[Result "1-0"]
1.d4 d5
2.Nb1c3 Ng8f6
3.Bc1f4 Bc8f5
4.f3 Nb8c6
5.g4 Bf5g6
6.h4 Nc6xd4
7.Qd1xd4 e6
8.O-O-O c5
9.Qd4a4 Nf6d7
10.e4 a6
11.exd5 b5
12.Nc3xb5 axb5
13.Qa4xb5 Ra8b8
14.Bf4xb8 h6
15.dxe6 fxe6
16.Bf1c4 Bg6f7
17.Ng1h3 Bf8e7
18.Bc4b3 O-O
19.Rd1xd7 Qd8xb8
20.Qb5xb8 Rf8xb8
21.Rd7xe7 Kf8
22.Re7c7  { temps }1-0

[Event "Eq:les modestes-Vikings :"]
[Site "www.echecsemail.com"]
[Date "2026.02.10"]
[Round "1"]
[White "Aperturaf"]
[Black "Tombelaine"]
[WhiteElo "2820"]
[BlackElo "2280"]
[Result "0-1"]
1.e4 c6
2.d4 d5
3.e5 c5
4.c3 Nb8c6
5.Bf1e2 Bc8f5
6.Ng1f3 e6
7.O-O Qd8b6
8.dxc5 Bf8xc5
9.b4 Bc5e7
10.Bc1e3 Qb6c7
11.b5 Nc6a5
12.Qd1a4 b6
13.c4 dxc4
 { temps }0-1

[Event "Tournoi n27313"]
[Site "www.echecsemail.com"]
[Date "2026.02.10"]
[Round "1"]
[White "Trebillig"]
[Black "Vvvv"]
[WhiteElo "1690"]
[BlackElo "1770"]
[Result "0-1"]
1.e4 e5
2.Nb1c3 Ng8f6
3.a3 g6
4.h3 Bf8g7
5.Bf1c4 c6
6.Ng1f3 d6
7.Nf3g5 O-O
8.O-O Nb8d7
9.b4 Nd7b6
10.Bc1b2 Nb6xc4
11.Bb2c1 b5
12.d3 Nc4b6
13.Bc1b2 Bc8e6
14.Ng5xe6 fxe6
15.Nc3a2 Nb6a4
16.Ra1b1 a6
17.Na2c3 Na4xc3
18.Bb2xc3 c5
19.bxc5 dxc5
20.Bc3xe5 Ra8a7
21.f4 Ra7d7
22.Be5xf6 Bg7xf6
23.Qd1g4 Rd7g7
24.Qg4xe6 Kh8
25.Qe6xa6 Bf6d4
26.Kh1 Bd4e3
27.g3 Rg7f7
28.Qa6xb5 Qd8c8
29.Kh2 h5
30.Qb5b2 Kh7
31.Qb2e5 Be3d4
32.Qe5d6 Rf8d8
33.Qd6b6 c4
34.Qb6b4 cxd3
35.cxd3 Qc8c2
36.Kh1 Qc2xd3
37.Rb1d1 Qd3xe4
38.Kh2 Rf7b7
 { temps }0-1

[Event "CHATURANGA"]
[Site "www.echecsemail.com"]
[Date "2026.02.10"]
[Round "1"]
[White "Titit1"]
[Black "Legrillon"]
[WhiteElo "1480"]
[BlackElo "1780"]
[Result "0-1"]
1.e4 e5
2.Ng1f3 Ng8f6
3.Bf1c4 d6
4.Nf3g5 Bc8e6
5.Bc4xe6 fxe6
6.Ng5xe6 Qd8e7
7.Ne6g5 h6
8.Ng5f3 Qe7f7
9.Nb1c3 Bf8e7
10.O-O c6
11.Rf1e1 O-O
12.d3 Nf6h7
13.Bc1e3 Qf7g6
14.a3 Be7g5
15.Be3xg5 Nh7xg5
16.Nf3xg5 Qg6xg5
17.Re1e3 Qg5f4
18.Re3f3 Qf4g5
 { temps }0-1

[Event "Défi( 10J+24H/c 10J Max )"]
[Site "www.echecsemail.com"]
[Date "2026.02.10"]
[Round "1"]
[White "Poison"]
[Black "Minon"]
[WhiteElo "1070"]
[BlackElo "1910"]
[Result "0-1"]
1.e4 e5
2.Ng1f3 Nb8c6
3.Bf1b5 Ng8e7
4.Bb5xc6 Ne7xc6
5.Nb1c3 d6
6.d3 Bc8g4
7.h3 Bg4e6
8.Bc1e3 Bf8e7
9.d4 exd4
10.Be3xd4 Nc6xd4
11.Nf3xd4 Be6d7
12.Nc3e2 O-O
13.Qd1d2 c5
14.Nd4f5 Bd7xf5
15.exf5 b5
16.a3 Be7f6
17.a4 b4
18.c3 a5
19.cxb4 axb4
20.Ra1b1 Ra8xa4
21.b3 Ra4a3
22.O-O Rf8e8
23.Ne2f4 Bf6g5
24.Qd2b2 Bg5xf4
25.Qb2c2 Qd8e7
26.Qc2c4 Bf4e5
27.Rf1e1 Qe7f6
28.Qc4b5 Ra3a8
29.Qb5d3 Be5d4
30.Re1xe8 Ra8xe8
31.Qd3b5 Qf6d8
32.Qb5c6 g6
33.fxg6 hxg6
34.Qc6f3 Qd8e7
35.Qf3d1 Qe7e2
36.Qd1xe2 Re8xe2
37.Kf1 Re2xf2
38.Ke1 Rf2xg2
39.Rb1a1 Bd4xa1
40.Kf1 Rg2b2
41.h4 d5
42.Ke1 d4
43.Kd1 d3
44.Kc1 f5
45.Kd1 f4
46.Kc1 f3
47.Kd1 f2
48.Kc1 f1Q
0-1

[Event "Eq:les modestes-modesty :"]
[Site "www.echecsemail.com"]
[Date "2026.02.10"]
[Round "1"]
[White "Fresiers"]
[Black "Aperturaf"]
[WhiteElo "2200"]
[BlackElo "2800"]
[Result "1-0"]
1.d4 e6
2.c4 d5
3.Nb1c3 Ng8f6
4.Bc1g5 Nb8d7
5.cxd5 exd5
6.e3 c6
7.Ng1f3 Bf8e7
8.Bf1d3  { temps }1-0

[Event "Tournoi n27210"]
[Site "www.echecsemail.com"]
[Date "2026.02.10"]
[Round "1"]
[White "Nicadria22"]
[Black "Chomi64"]
[WhiteElo "1930"]
[BlackElo "1800"]
[Result "1-0"]
1.e4 d5
2.exd5 Ng8f6
3.d4 Nf6xd5
4.c4 Nd5f6
5.Nb1c3 e6
6.Ng1f3 h6
7.Bf1e2 c6
8.Bc1f4 Bf8e7
9.Qd1d3 O-O
10.O-O Qd8b6
11.b3 Rf8d8
12.Ra1d1 Be7b4
13.c5 Qb6a5
14.Nc3a4 Rd8d7
15.Nf3e5 Rd7e7
16.Ne5c4 Qa5d8
17.a3 Bb4a5
18.b4 Ba5c7
19.Bf4xc7 Qd8xc7
20.Na4c3 Nf6d5
21.Nc3e4 Bc8d7
22.Nc4e5 Nd5f4
23.Qd3f3 Nf4xe2
24.Qf3xe2 Bd7e8
25.Rd1d3 Nb8d7
26.f4 f6
27.Ne5xd7 Qc7xd7
28.Ne4d6 Be8g6
29.Rd3e3 Bg6f7
30.Rf1e1 g6
31.h4 f5
32.Kf2 a5
33.g4 fxg4
34.Qe2xg4 h5
35.Qg4h3 Ra8f8
36.Re3e5 axb4
37.axb4 Bf7e8
38.Ke3 Rf8f6
39.Re1g1 Kh7
40.Qh3g3 Re7g7
41.Re5g5 Qd7e7
42.Nd6xe8 Qe7xe8
43.Rg5xh5 Kg8
44.Rh5g5 Kh7
45.h5 Qe8f7
46.Rg1h1 Kg8
47.hxg6 Rg7xg6
48.Rh1h4 Rg6xg5
49.Qg3xg5 Rf6g6
50.Qg5d8 Qf7f8
51.Rh4h8 { abandon }1-0

[Event "Tournoi n27409"]
[Site "www.echecsemail.com"]
[Date "2026.02.10"]
[Round "1"]
[White "Smaug"]
[Black "Jlr"]
[WhiteElo "1410"]
[BlackElo "1410"]
[Result "1-0"]
1.d4 d5
2.Ng1f3 c6
3.Bc1f4 Nb8a6
4.e3 Qd8a5
5.c3 Qa5b6
6.b4 Ng8f6
7.Bf1d3 g6
8.Nf3e5 e6
9.Nb1d2 Na6c7
10.O-O h6
11.h3 g5
12.Bf4h2 Bf8g7
13.f4 a5
14.a3 c5
15.dxc5 Qb6a7
16.c6 Qa7xe3
17.Kh1 gxf4
18.Nd2f3 Qe3b6
19.Nf3d4 axb4
20.axb4 bxc6
21.Ra1xa8 Qb6b7
22.Ra8a5 Qb7b6
23.Bh2g1 O-O
24.Nd4xe6 Qb6b7
25.Ne6xg7 Kxg7
26.Bg1d4 Nc7e6
27.Bd4c5 Ne6xc5
28.Ra5xc5 Rf8e8
29.Ne5g4 Nf6h5
30.Kh2 Qb7c7
31.Bd3e2 Kg6
32.Be2d3 Kg5
33.b5 f3
34.Kg1 Bc8xg4
35.Qd1d2 Nh5f4
36.g3 Bg4xh3
37.gxf4 Kg4
38.Rf1f2 Qc7d6
39.Rc5xc6 Qd6f8
40.Rc6f6 h5
41.Bd3f5 Kg3
42.Bf5xh3 Re8e2
43.Rf2g2 Kxh3
44.Rg2h2 Kg3
45.Rh2xe2 Qf8c5
46.Re2f2 Qc5xb5
47.Qd2e3 Qb5b1
48.Rf2f1 Qb1c2
49.Rf1xf3 Kg4
50.Rf3g3 Kh4
51.Qe3f2 Qc2d1
52.Qf2f1 Qd1xf1
53.Kxf1 Kxg3
54.Rf6xf7 h4
55.f5 Kg4
56.Kg2 h3
57.Kh2 Kf3
58.Rf7d7 Ke4
59.f6 Kd3
60.f7 Kxc3
61.f8Q d4
62.Qf8f3 Kc4
63.Rd7c7 Kb4
64.Qf3a8 d3
65.Qa8b8 Ka3
66.Rc7a7 1-0

[Event "MI6B"]
[Site "www.echecsemail.com"]
[Date "2026.02.10"]
[Round "1"]
[White "Apage"]
[Black "Volatile"]
[WhiteElo "1970"]
[BlackElo "2570"]
[Result "0-1"]
1.e4 c5
2.Ng1f3 d6
3.d4 cxd4
4.Nf3xd4 Ng8f6
5.Nb1c3 e5
6.Nd4f5 Nf6xe4
7.Nc3xe4 Bc8xf5
8.Bf1b5 Nb8c6
9.Ne4c3 Bf8e7
10.O-O O-O
11.Bb5d3 Bf5e6
12.Rf1e1 d5
13.a3 f5
14.Bd3b5 Qd8d6
15.f4 e4
16.Bc1e3 d4
17.Bb5xc6 dxc3
18.Qd1xd6 Be7xd6
19.Bc6xb7 Ra8b8
20.Bb7a6 cxb2
21.Ra1d1 Bd6xa3
22.Be3d4 Be6a2
{ abandon }0-1

[Event "MI6B"]
[Site "www.echecsemail.com"]
[Date "2026.02.10"]
[Round "1"]
[White "Volatile"]
[Black "Apage"]
[WhiteElo "2570"]
[BlackElo "1970"]
[Result "1-0"]
1.e4 e5
2.Bf1c4 Ng8f6
3.Nb1c3 Nf6xe4
4.Qd1h5 Ne4d6
5.Qh5xe5 Qd8e7
6.Qe5xe7 Bf8xe7
7.Bc4b3 c6
8.Ng1f3 O-O
9.O-O Nd6f5
10.d4 d5
11.Rf1e1 Be7f6
12.Nc3e2 Rf8e8
13.Bc1f4 Bc8e6
14.c3 Nb8d7
15.Bb3c2 a5
16.h3 a4
17.g4 Nf5h4
18.Nf3xh4 Bf6xh4
19.Kg2 b5
20.Bf4g3 Bh4d8
21.Ne2f4 Bd8c7
22.Nf4xe6 fxe6
23.Bg3xc7 Nd7f6
24.Re1e3 { abandon }1-0

[Event "Coupe Niveau 4"]
[Site "www.echecsemail.com"]
[Date "2026.02.10"]
[Round "1"]
[White "Elghribi"]
[Black "Verson"]
[WhiteElo "1920"]
[BlackElo "1810"]
[Result "0-1"]
1.e4 e6
2.d4 d5
3.e5 c5
4.c3 Nb8c6
5.Bf1b5 Bc8d7
6.Bb5xc6 Bd7xc6
7.Ng1f3 cxd4
8.cxd4 Bf8b4
9.Nb1c3 Ng8e7
10.O-O O-O
11.Bc1d2 Ne7f5
12.a3 Bb4a5
13.h3 Ra8c8
14.Ra1c1 h6
15.Nc3e2 Ba5xd2
16.Qd1xd2 Bc6b5
17.Rc1c3 Qd8d7
18.Rf1c1 Rc8xc3
19.Ne2xc3 Bb5a6
20.g4 Nf5e7
21.b4 Rf8c8
22.a4 Ba6c4
23.Qd2b2 Ne7g6
24.Nf3e1 a6
25.a5 Ng6f4
26.Kh2 Qd7e7
27.Kg3 Nf4g6
28.Ne1g2 f6
29.f4 fxe5
30.fxe5 Rc8f8
31.h4 Qe7f7
{ abandon }0-1

[Event "Tournoi n27401"]
[Site "www.echecsemail.com"]
[Date "2026.02.10"]
[Round "1"]
[White "Kiki24"]
[Black "Geantvert"]
[WhiteElo "1850"]
[BlackElo "1840"]
[Result "1/2-1/2"]
1.c4 c5
2.g3 g6
3.Bf1g2 Bf8g7
4.Ng1f3 Nb8c6
5.Nb1c3 Ng8f6
6.O-O O-O
7.e3 d6
8.d4 cxd4
9.exd4 e6
10.Bc1e3 d5
11.c5 a6
12.a3 Bc8d7
13.b4 Nc6a7
14.Ra1b1 Na7b5
15.Nc3xb5 Bd7xb5
16.Rf1e1 Nf6e4
17.Qd1c2 Ne4f6
18.h3 Nf6h5
19.g4 Nh5f6
20.Nf3e5 Nf6d7
21.Ne5xd7 Qd8xd7
22.f4 Bb5c6
23.Be3f2 Bg7h6
24.g5 Bh6g7
25.h4 Bc6b5
26.Rb1c1 Bb5c6
27.Bf2g3 Bg7xd4
28.Bg3f2 Bd4xf2
29.Qc2xf2 Bc6b5
30.Qf2d4 Qd7e7
31.Qd4e5 Ra8c8
32.Bg2xd5 Rf8e8
33.Bd5c4 Bb5c6
34.Rc1d1 Rc8d8
35.Kf2 Rd8xd1
36.Re1xd1 Re8d8
37.Rd1d4 Rd8xd4
38.Qe5xd4 Qe7d7
39.Ke3 Qd7xd4
40.Kxd4 Kf8
41.Ke5 Ke7
42.Bc4e2 Bc6a4
43.h5 Ba4c6
44.hxg6 hxg6
45.Be2d3 Bc6a4
46.Bd3c4 Ba4e8
47.Bc4b3 Be8c6
48.a4 Bc6e8
49.a5 Be8b5
50.Kd4 Bb5c6
51.Ke5 Bc6b5
52.Bb3c2 Bb5c6
53.Bc2d3 { nul }1/2-1/2

[Event "Défi"]
[Site "www.echecsemail.com"]
[Date "2026.02.10"]
[Round "1"]
[White "Tinenfant"]
[Black "Tartu"]
[WhiteElo "1870"]
[BlackElo "1670"]
[Result "1/2-1/2"]
1.e4 c5
2.Ng1f3 Nb8c6
3.d4 cxd4
4.Nf3xd4 e5
5.Nd4xc6 bxc6
6.Nb1c3 Ng8f6
7.Bc1g5 Bf8e7
8.h3 O-O
9.Bf1d3 d6
10.O-O h6
11.Bg5e3 Bc8e6
12.Qd1d2 c5
13.Ra1d1 Ra8c8
14.Bd3b5 Be6d7
15.Bb5xd7 Qd8xd7
16.Rf1e1 Rf8d8
17.Qd2e2 Qd7e6
18.a3 Rd8d7
19.Nc3d5 Nf6xd5
20.Rd1xd5 Qe6g6
21.f3 Be7g5
22.Be3xg5 Qg6xg5
23.Re1d1 Qg5f6
24.Qe2a6 Rc8d8
25.c4 Qf6f4
26.Rd5xd6 Qf4e3
27.Kf1 Rd7xd6
28.Rd1xd6 Rd8xd6
29.Qa6xd6 Qe3c1
30.Kf2 Qc1xb2
31.Kg3 Qb2d4
32.Qd6b8 Kh7
33.Qb8xa7 Qd4xc4
34.a4 Qc4b3
35.Qa7xc5 Qb3xa4
36.Qc5xe5 f6
37.Qe5f5 Kh8
38.Qf5c8 Kh7
39.Qc8f5 Kg8
40.Qf5d5 Kf8
41.Qd5d8 Kf7
42.Qd8c7 Kg6
43.Qc7f4 Qa4a5
44.Qf4g4 Kf7
45.f4 Qa5e1
46.Kh2 Qe1xe4
47.Qg4d7 Qe4e7
{ nul }1/2-1/2

[Event "Eq:Vikings-La Diagonale du Fou :"]
[Site "www.echecsemail.com"]
[Date "2026.02.10"]
[Round "1"]
[White "Moutarde18"]
[Black "Blackbishop"]
[WhiteElo "2080"]
[BlackElo "1840"]
[Result "1/2-1/2"]
1.d4 d5
2.Bc1f4 Ng8f6
3.e3 e6
4.Ng1f3 Bf8d6
5.Bf4g3 Bd6xg3
6.hxg3 Nb8c6
7.c3 Bc8d7
8.Bf1d3 Qd8e7
9.Nb1d2 h6
10.O-O e5
11.dxe5 Nc6xe5
12.Bd3c2 Ne5xf3
13.Nd2xf3 O-O
14.Rf1e1 c6
15.Qd1d3 Rf8e8
16.Nf3d4 Qe7e5
17.Nd4f3 Qe5d6
18.Nf3d4 a6
19.Ra1d1 g6
20.Nd4f3 Bd7g4
21.Rd1d2 Bg4f5
22.Qd3f1 Bf5xc2
23.Rd2xc2 b5
24.Rc2d2 Ra8d8
25.Re1d1 Qd6e6
26.Nf3d4 Qe6c8
27.b4 Nf6e4
28.Rd2c2 Rd8d6
29.a3 Kg7
30.Qf1e2 { nul }1/2-1/2

[Event "Jean 8"]
[Site "www.echecsemail.com"]
[Date "2026.02.10"]
[Round "1"]
[White "Pgo"]
[Black "Patau"]
[WhiteElo "1760"]
[BlackElo "1670"]
[Result "1-0"]
1.e4 Nb8c6
2.Bf1b5 Ng8f6
3.d3 e5
4.Ng1f3 Bf8c5
5.Bb5xc6 dxc6
6.O-O Bc8g4
7.h3 Bg4h5
8.Bc1g5 h6
9.Bg5h4 Bh5xf3
10.Qd1xf3 Bc5e7
11.Nb1c3 O-O
12.Ra1d1 Nf6h7
13.Bh4xe7 Qd8xe7
14.Rf1e1 Nh7g5
15.Qf3f5 Qe7e6
16.Qf5xe6 Ng5xe6
17.f3 Ne6d4
18.Rd1d2 b5
19.b4 a5
20.a3 axb4
21.axb4 Ra8a3
22.Nc3e2 Rf8a8
23.Ne2xd4 exd4
24.Rd2d1 Ra3a2
25.Rd1c1 Ra2b2
26.c3 dxc3
27.Rc1xc3 Ra8a2
28.Rc3xc6 Rb2xg2
29.Kh1 Rg2h2
30.Kg1 Rh2xh3
31.Rc6xc7 Rh3xf3
32.Re1f1 Rf3xf1
33.Kxf1 Ra2b2
34.Rc7c8 Kh7
35.Rc8c7 Rb2xb4
36.Rc7xf7 Rb4d4
37.Ke2 Kg6
38.Rf7f5 b4
39.Rf5b5 Rd4d7
40.Rb5xb4 Kg5
41.Ke3 Rd7e7
42.Rb4b5 Kg4
43.d4 g5
44.d5 Kg3
45.d6 Re7d7
46.Rb5d5 Kh4
47.e5 h5
48.e6 Rd7a7
49.e7 Ra7a1
50.Ke2 Ra1a8
51.d7 { abandon }1-0

[Event "Défi( 10J+24H/c 10J Max )"]
[Site "www.echecsemail.com"]
[Date "2026.02.10"]
[Round "1"]
[White "Anumisme"]
[Black "Artabam"]
[WhiteElo "1200"]
[BlackElo "1000"]
[Result "1-0"]
1.d4 Nb8c6
2.Ng1f3 Ng8f6
3.Bc1g5 Nf6d5
4.b3 f6
5.Bg5h4 g6
6.e3 d6
7.Bf1b5 Qd8d7
8.Nb1d2 Bf8h6
9.Qd1e2 Qd7f5
10.Qe2c4 O-O
11.h3 Nc6a5
12.Qc4a4 Qf5xc2
13.Qa4xa5 b6
14.Qa5a4 Qc2b2
15.O-O Qb2xd2
16.Bb5c6 Bc8f5
17.Bc6xd5 e6
18.Bd5xa8 Rf8xa8
19.Nf3xd2 c6
20.Bh4xf6 Kf7
21.Bf6h4 g5
22.Bh4g3 Bf5d3
23.Rf1c1 d5
24.Qa4xc6 Ra8g8
25.Qc6d7 Kf6
26.Rc1c6 Bd3b5
27.Qd7xe6 Kg7
28.Bg3e5 Kf8
29.Qe6xh6 Ke7
30.Qh6xh7 Kf8
31.Be5d6 Ke8
32.Qh7e7 1-0

[Event "Coupe Niveau 4"]
[Site "www.echecsemail.com"]
[Date "2026.02.10"]
[Round "1"]
[White "Alain64"]
[Black "Verson"]
[WhiteElo "2050"]
[BlackElo "1810"]
[Result "1-0"]
1.c4 Ng8f6
2.Nb1c3 e6
3.e4 d5
4.e5 Nf6d7
5.d4 Bf8e7
6.cxd5 exd5
7.Nc3xd5 O-O
8.Ng1f3 b6
9.Bf1d3 Bc8b7
10.Nd5xe7 Qd8xe7
11.O-O Rf8e8
12.Bd3xh7 Kxh7
13.Nf3g5 Kg8
14.Qd1h5 Nd7f8
15.f4 f6
16.Ng5f3 Bb7e4
17.Bc1d2 Nb8d7
18.Ra1e1 Be4g6
19.Qh5h3 fxe5
20.fxe5 Qe7e6
21.Qh3xe6 Re8xe6
22.Bd2c3 Nf8h7
23.Nf3h4 Bg6f7
24.d5 Re6h6
25.Nh4f5 Rh6h5
26.e6 { abandon }1-0

[Event "CHATURANGA"]
[Site "www.echecsemail.com"]
[Date "2026.02.10"]
[Round "1"]
[White "4x4"]
[Black "Casisimed"]
[WhiteElo "1450"]
[BlackElo "1590"]
[Result "0-1"]
1.e4 e5
2.Ng1f3 Ng8f6
3.Bf1c4 d6
4.d3 c6
5.Nf3g5 d5
6.Bc4b3 Nb8d7
7.Nb1c3 h6
8.Bc1d2 hxg5
9.Qd1e2 dxe4
10.Nc3xe4 Nf6xe4
11.dxe4 Bf8d6
12.O-O-O O-O
13.f3 Nd7c5
14.g4 b5
15.Bd2b4 Nc5xb3
16.cxb3 a5
17.Bb4xd6 Rf8e8
18.Bd6xe5 Qd8e7
19.Be5d6 Qe7f6
20.e5 Qf6f4
21.Kb1 Bc8e6
22.Qe2e4 Qf4xe4
23.fxe4 Ra8d8
24.Rd1c1 Be6xg4
25.Rc1xc6 Bg4f3
26.Ka1 Bf3xe4
27.Rc6b6 Be4xh1
28.Rb6xb5 Rd8xd6
29.a4 Rd6a6
30.Ka2 Bh1c6
31.Rb5c5 Re8e6
32.Ka3 Re6h6
33.b4 axb4
34.Kb3 Ra6xa4
35.Rc5c4 Bc6d5
36.Kxa4 Bd5xc4
37.Kxb4 Rh6xh2
38.b3 Bc4xb3
39.Kxb3 Kf8
40.Kc3 Ke7
41.Kd4 Ke6
42.Ke4 Rh2h4
43.Kf3 Kxe5
44.Kg3 Ke4
45.Kg2 Kf4
46.Kf2 Rh4h2
47.Kf1 Ke3
48.Kg1 Rh2a2
49.Kh1 Kf3
50.Kg1 Ra2b2
51.Kh1 Kg3
52.Kg1 Rb2b1
0-1